Electrical installation work (Record no. 545420)
[ view plain ]
| 000 -LEADER | |
|---|---|
| fixed length control field | 00395nam a22001337a 4500 |
| 082 ## - DEWEY DECIMAL CLASSIFICATION NUMBER | |
| Classification number | 621.3 |
| Author Mark | FRA |
| -- | L-10, P-03, E-IV |
| 100 ## - MAIN ENTRY--PERSONAL NAME | |
| Personal name | T.G. Francis |
| 9 (RLIN) | 41255 |
| 245 ## - TITLE STATEMENT | |
| Title | Electrical installation work |
| Statement of responsibility, etc. | Francis, T.G |
| 260 ## - PUBLICATION, DISTRIBUTION, ETC. | |
| Place of publication, distribution, etc. | London, New York, Toronto |
| Name of publisher, distributor, etc. | Longmans, green and co. |
| 300 ## - PHYSICAL DESCRIPTION | |
| Extent | xv, 256 p. |
| Other physical details | ill. |
| 526 ## - STUDY PROGRAM INFORMATION NOTE | |
| Program name | 0 |
| Interest level | 0 |
| Reading level | 0 |
| Title point value | 621_300000000000000_FRA |
| 650 ## - SUBJECT ADDED ENTRY--TOPICAL TERM | |
| Topical term or geographic name entry element | MCE |
| 9 (RLIN) | 379 |
| 942 ## - ADDED ENTRY ELEMENTS (KOHA) | |
| Source of classification or shelving scheme | |
| Koha item type | Book |
| Withdrawn status | Lost status | Source of classification or shelving scheme | Damaged status | Not for loan | Permanent Location | Current Location | Date acquired | Total Checkouts | Full call number | Barcode | Date last seen | Price effective from | Koha item type |
|---|---|---|---|---|---|---|---|---|---|---|---|---|---|
| Military College of Engineering (MCE) | Military College of Engineering (MCE) | 05/22/2014 | 621.3 FRA | MCE-66 | 05/22/2014 | 05/22/2014 | Book |
